MDQL
is popping MORE tags! Check the
thread
!
Quizzes
Events
Quiz Creation
Community
Videos
Private Events
Remove Ads
Sign In
Join for FREE
Feedback
Dark Mode
Quiz Categories
Sports
Geography
Music
Movies
Television
Just For Fun
Miscellaneous
History
Literature
Language
Science
Gaming
Entertainment
Religion
Holiday
For Kids
Quiz Lab
Recent
Popular Today
Quiz Kudos Today
Editor Picks
Curator Picks
Quizzes by...
Day
Popularity
Type
Ratings
Length
Year
Community
Subscriptions
Recent Discussions
Orange Saloon
Badges
Playlists
Quests
Create
Leaderboards
Showdown
Live 5
Trivia Bingo
Activity
Puzzle Library
Sporcle Events
Private Events
Virtual Trivia
Globe League
Become a Host
Pub Owners
SporcleCon
Opinionation
Our Games
Videos
Blog
Mobile Apps
Partnerships
Remove Ads and Go Orange
Feedback
Gaming
Video Games
Board Games
Card Games
Pokémon
Mario
Nintendo
Minecraft
Console
Toys
Legend of Zelda
Gaming
Video Games
Board Games
Card Games
Pokémon
Mario
Nintendo
Minecraft
Console
Toys
Legend of Zelda
Random Quiz
Search Sporcle
×
Quiz Lab
Quiz Lab
Gaming
card
Type in answers that appear in a list
Type in answers that appear in a list
Classic
Best Score? Go Orange.
Loteria Stats
Can you name the Loteria cards?
By
boxrecman
4m
54 Questions
296 Plays
296 Plays
296 Plays
Comments
Comments
Give Quiz Kudos
Give Quiz Kudos
-
- Ratings
hide this ad
Replay
Link that replays current quiz
Next Quiz
Link to next quiz in quiz playlist
You Got
0%
They Got
Avg Score
64%
Avg Friend Score
Upgrade to see
Score Distribution
Jump to the score distribution portion of the page
Score
0/54
Timer
04:00
0
Plays Today
Answer
% Correct
la dama (the lady)
90.5%
la luna (the moon)
81.8%
el sol (the sun)
80.7%
el gallo (the rooster)
79.7%
el catrin (the gentleman)
79.4%
el diablo (the devil)
78.7%
el borracho (the drunk)
76.4%
la sirena (the siren-mermaid)
76%
la escalera (the ladder)
74%
el arbol (the tree)
72.3%
la estrella (the star)
71.6%
la muerte (death)
70.9%
la rana (the frog)
68.9%
la chalupa (the canoe)
68.6%
la mano (the hand)
67.9%
el melon (the melon)
67.6%
la botella (the bottle)
66.9%
las jaras (the arrows)
66.2%
la sandia (the watermelon)
65.9%
el violoncello (the violin-cello)
65.5%
el barril (the barrel)
64.9%
el pajaro (the bird)
64.5%
el cotorro (the parrot)
64.5%
el negrito (the black man)
64.5%
el pino (the pine tree)
64.5%
el mundo (the world)
63.5%
el paraguas (the umbrella)
63.2%
Answer
% Correct
la arana (the spider)
63.2%
la bota (the boot)
62.8%
la calavera (the skull)
62.8%
el musico (the musician)
62.2%
el valiente (the brave man)
61.1%
el bandolon (the mandolin)
61.1%
la pera (the pear)
60.8%
la bandera (the flag)
59.8%
el tambor (the drum)
59.8%
el apache (the Apache-Indian)
59.8%
la rosa (the rose)
59.5%
la palma (the palm tree)
59.5%
el gorro (the bonnet)
59.1%
el cazo (the pot)
59.1%
el pescado (the fish)
59.1%
el venado (the deer)
58.4%
el soldado (the soldier)
58.1%
el alacran (the scorpion)
57.4%
el camaron (the shrimp)
56.8%
la maceta (the flower pot)
56.8%
la garza (the heron)
56.4%
el corazon (the heart)
55.4%
el nopal (the cactus)
51.4%
el arpa (the harp)
50%
el cantarito (the pitcher)
49.7%
la corona (the crown)
46.3%
la campana (the bell)
42.2%
Quiz Playlist
Details
Report
Send in Message
Add To Playlist
Classic:
Type in answers that appear in a list
Last Updated: Feb 16, 2017
Quiz Scoreboard
CHALLENGE
Sign Up to Join the Scoreboard
Show All
Scores
Hide
Comments
May contain spoilers
Recently Published
Find the 'City' Movie
by crazypaving
Movies
60s
5x2 Blitz: Bands
by SL_Kpop136
Music
30s
Colored Red Africa Blitz
by spor1
Geography
30s
More to Explore
Quiz From the Vault
Featured Blog Post
14 Easter Pick-up Lines to Find Eggs With
hide this ad
You Might Also Like...
Tags
Bingo
card
Mexican
Today's Top Quizzes in Gaming
Browse Gaming
hide this ad
Today's Top Quizzes in card
Browse card
Top Contributed Quizzes in Gaming
1
Dead By Daylight Logic Puzzle
2
League of Legends Pro Players by Career/Team History
3
Destiny 2 exotic weapons by perk icons
4
Genshin Impact Logic Puzzle
5
Overwatch 2: Ultimate Ability Icons
6
Genshin Impact Logic Puzzle Quiz II
7
Windmill: Elements
8
Overwatch Logic Puzzle
9
Genshin Impact Logic Puzzle Quiz
10
Genshin murder mystery
Explore More
Trending Topics
NBA
Anime
Marvel
Kpop
Disney
Crossword
Harry Potter
NFL
Pokémon
WWE
Soccer
The Office
Country
Puzzle
Song
hide this ad
More By:
boxrecman
Quiz
Plays
Rating
Category
Featured
Created
Loteria
296
5.00
Gaming
Dec 26, 2016
Go to Creator's Profile
Score Distribution
Quiz Creator Spotlight
boxrecman
Follow
Send a Message
Quizzes Created
-
Created Quiz Play Count
-
More By This Creator
Popular Quizzes Today
1
Colored Red Africa Blitz
2
Find the US States - No Outlines Minefield
3
Find the 'City' Movie
4
5x2 Blitz: Bands
5
The Countries of the World
6
Find the US States
7
US States
8
9x9 Crossword: Cartoon Network
More Gaming Quizzes
Territories At Risk!
Editor's Pick
Trending Quizzes
Colored Red Europe Blitz I
Colored Red Europe Blitz II
Colored Red Africa Blitz II
Colored Red Africa Blitz III
Colored Red Europe Blitz III
Recently Updated
Godzilla Movies
pecheneg
Grab Bag: 4-10 Letters
pecheneg
2024 March Madness Bracket
pecheneg
Famous TV Couples
Peacemaker
Champions League XIs: Real Madrid
pecheneg
Largest US Cities 1790-2010
pecheneg
Rides in Walt Disney World
pecheneg
Most Oscar Losses (Acting)
pecheneg
Beyoncé Albums
pecheneg
Leaping Animals
pecheneg
Trending Topics
NBA
Kpop
Crossword
Harry Potter
Marvel
Anime
Disney
Song
Soccer
The Office
Puzzle
Country
WWE
NFL
Pokémon
Your Account Isn't Verified!
In order to create a playlist on Sporcle, you need to verify the email address you used during registration. Go to your
Sporcle Settings
to finish the process.
Report this User
Report this user for behavior that violates our
Community Guidelines
.
Details:
Send Report
Go to the Sporcle.com Mobile Site →
Comments